000
00313nam a2200121Ia 4500
008
150731s2006 xx 000 0 und d
082
_a
615.538
_b
P 06 D
100
_a
DEVARAJ T.L.
245
_a
THE PANCHKARMA TREATMENT OF AYURVEDA
260
_b
CHAUKHAMBHA PUB. NEW DELHI
_c
2006
300
_a
506
942
_2
ddc
_c
BK
999
_c
7892
_d
7892